intelligent Transportation System/ (Record no. 201191)

MARC details
000 -LEADER
fixed length control field 00523nam a22001817a 4500
005 - DATE AND TIME OF LATEST TRANSACTION
control field 20240301145907.0
010 ## - LCCN (DPL NO)
LC control number ENG-139522
020 ## - INTERNATIONAL STANDARD BOOK NUMBER
Terms of availability 375.00
International Standard Book Number 978815400928
035 ## - SYSTEM CONTROL NUMBER
System control number EN-123054
037 ## - SOURCE OF ACQUISITION
Source of stock number/acquisition DBAD/PUB
082 ## - DEWEY DECIMAL CLASSIFICATION NUMBER
Classification number 625
100 ## - MAIN ENTRY--PERSONAL NAME
Personal name R Srinivasa kumar
245 ## - TITLE STATEMENT
Title intelligent Transportation System/
Medium English
260 ## - PUBLICATION, DISTRIBUTION, ETC. (IMPRINT)
Place of publication, distribution, etc Himayatnagar
Name of publisher, distributor, etc Universities Press Private Limited
270 ## - ADDRESS
City Hyderabad
Address 3-6-752/1/A
Postal code 500029
300 ## - PHYSICAL DESCRIPTION
Extent 141p.
Dimensions 25cm(pbk)
942 ## - ADDED ENTRY ELEMENTS (KOHA)
Source of classification or shelving scheme Dewey Decimal Classification
Item type English Books
Classification part 625
Call number suffix INT
Holdings
Withdrawn status Lost status Not for loan Collection code Home library Current library Date acquired Source of acquisition Cost, normal purchase price Full call number Barcode Copy number Cost, replacement price Koha item type
      Non-fiction Bawana Bawana 01/03/2024 DBAD 375.00 625 INT EN-123054 1 375.00 English Books

© Delhi Public Library
Hit Counter
free hit counter